[Event "North American-ch U10"]
[Site "Montreal"]
[Date "2010.08.18"]
[Round "6"]
[White "Birbal, Alec"]
[Black "Fernandez, Jorge Carlo"]
[Result "0-1"]
[WhiteElo "614"]
[BlackElo "544"]
[PlyCount "45"]
[EventDate "2010.08.16"]
[EventType "swiss"]
[EventRounds "7"]
[EventCountry "CAN"]
[SourceTitle "EXT 2013"]
[Source "ChessBase"]
[SourceDate "2012.11.22"]
[SourceVersion "1"]
[SourceVersionDate "2012.11.22"]
[SourceQuality "1"]

1. e4 e5 2. Nc3 Nc6 3. Nf3 Bb4 4. a3 Bxc3 5. dxc3 Nf6 6. c4 Nxe4 7. Bd3 Nf6 8. Bd2 0-0 9. Qc1 Ng4 10. Rf1 Re8 11. Bg5 Nf6 12. Kd1 d6 13. Re1 Bg4 14. Be4 Qc8 15. h3 Bxf3+ 16. Bxf3 Nd4 17. Be4 Nxe4 18. Rxe4 Ne6 19. h4 Nc5 20. Re3 f6 21. Bf4 exf4 22. Rf3 Qe6 23. Rxf4 0-1

[Event "North American-ch U10"]
[Site "Montreal"]
[Date "2010.08.18"]
[Round "5"]
[White "Lachance, Pierre Alexis"]
[Black "Birbal, Alec"]
[Result "1-0"]
[WhiteElo "891"]
[BlackElo "614"]
[PlyCount "47"]
[EventDate "2010.08.16"]
[EventType "swiss"]
[EventRounds "7"]
[EventCountry "CAN"]
[SourceTitle "EXT 2013"]
[Source "ChessBase"]
[SourceDate "2012.11.22"]
[SourceVersion "1"]
[SourceVersionDate "2012.11.22"]
[SourceQuality "1"]

1. e4 d6 2. Nf3 Nf6 3. Nc3 d5 4. e5 Ng4 5. d4 f6 6. Be2 c5 7. 0-0 Qb6 8. h3 Nh6 9. Nxd5 Qd8 10. Bb5+ Nd7 11. Bxh6 gxh6 12. Re1 a6 13. e6 axb5 14. exd7+ Bxd7 15. dxc5 e6 16. Nb6 Rb8 17. Nxd7 Qxd7 18. Qxd7+ Kxd7 19. Rad1+ Kc7 20. b4 b6 21. Rxe6 Kb7 22. cxb6 Bg7 23. Rd7+ Ka8 24. Ra7# 1-0

[Event "North American-ch U10"]
[Site "Montreal"]
[Date "2010.08.17"]
[Round "3"]
[White "Birbal, Alec"]
[Black "Zimmermann, Eric"]
[Result "0-1"]
[WhiteElo "614"]
[BlackElo "676"]
[PlyCount "126"]
[EventDate "2010.08.16"]
[EventType "swiss"]
[EventRounds "7"]
[EventCountry "CAN"]
[SourceTitle "EXT 2013"]
[Source "ChessBase"]
[SourceDate "2012.11.22"]
[SourceVersion "1"]
[SourceVersionDate "2012.11.22"]
[SourceQuality "1"]

1. e4 e5 2. Qe2 Nf6 3. g3 Nc6 4. Bg2 d6 5. Nh3 Be6 6. Nc3 Be7 7. Nb5 Bg4 8. Qf1 0-0 9. d3 a6 10. Nc3 b5 11. f3 Bxh3 12. Bxh3 Nd4 13. Rb1 Nxc2+ 14. Kd2 Nd4 15. Nd5 Nxd5 16. exd5 Bg5+ 17. Kd1 Bxc1 18. Rxc1 Rc8 19. Bxc8 Qxc8 20. h3 a5 21. Rh2 b4 22. Rd2 a4 23. a3 b3 24. Rc4 Nb5 25. Rb4 Nd4 26. Rxa4 Qd7 27. Rc4 Qb5 28. Rf2 Qxd5 29. a4 Rc8 30. f4 exf4 31. Rxf4 Nc2 32. Qf3 Qxf3+ 33. Rxf3 c6 34. Rb4 Na1 35. d4 c5 36. dxc5 dxc5 37. Rb5 Rd8+ 38. Ke1 Nc2+ 39. Kf1 Rd1+ 40. Kg2 Ne1+ 41. Kh1 Nxf3+ 42. Kg2 Ne1+ 43. Kf2 Nd3+ 44. Kf3 Ne5+ 45. Kf4 f6 46. Rb8+ Kf7 47. a5 g5+ 48. Kf5 Rf1+ 49. Ke4 Kg6 50. a6 Re1+ 51. Kd5 Rd1+ 52. Kxc5 Nd7+ 53. Kc6 Nxb8+ 54. Kb6 Rd6+ 55. Kb7 Nxa6 56. Kc8 Rd2 57. g4 Rxb2 58. h4 Rg2 59. h5+ Kf7 60. h6 b2 61. Kd8 b1Q 62. Kd7 Rd2+ 63. Kc8 Qb8# 0-1